|
|
|
|
| LEADER |
01701nam a2200457 a 4500 |
| 001 |
nkc20081799109 |
| 003 |
CZ PrNK |
| 005 |
20080626142633.0 |
| 007 |
ta |
| 008 |
080404s2008 xr a e f 001 0 cze |
| 015 |
|
|
|a cnb001799109
|
| 020 |
|
|
|a 978-80-251-2005-7
|q (váz.)
|
| 035 |
|
|
|a (OCoLC)236562547
|
| 040 |
|
|
|a OLA001
|b cze
|d ABA001
|
| 072 |
|
7 |
|a 77
|x Fotografie. Fotografické postupy
|2 Konspekt
|9 21
|
| 080 |
|
|
|a 77.089:004.932
|2 MRF
|
| 080 |
|
|
|a 771.31:004.085
|2 MRF
|
| 080 |
|
|
|a 004.932
|2 MRF
|
| 080 |
|
|
|a (035)
|2 MRF
|
| 100 |
1 |
|
|a Lindner, Petr,
|d 1966-
|7 mzk2003203301
|4 aut
|
| 245 |
1 |
0 |
|a Velká kniha digitální fotografie /
|c Petr Lindner, Miroslav Myška, Tomáš Tůma
|
| 250 |
|
|
|a 3., aktualiz. vyd.
|
| 260 |
|
|
|a Brno :
|b Computer Press,
|c 2008
|
| 300 |
|
|
|a 271 s. :
|b il. (převážně barev.) ;
|c 24 cm
|
| 500 |
|
|
|a Obsahuje rejstřík
|
| 650 |
0 |
7 |
|a digitální fotografie
|7 ph119455
|2 czenas
|
| 650 |
0 |
7 |
|a digitální fotoaparáty
|7 ph119454
|2 czenas
|
| 650 |
0 |
7 |
|a počítačové zpracování obrazu
|7 ph171357
|2 czenas
|
| 650 |
0 |
9 |
|a digital photography
|2 eczenas
|
| 650 |
0 |
9 |
|a digital cameras
|2 eczenas
|
| 650 |
0 |
9 |
|a computer image processing
|2 eczenas
|
| 655 |
|
7 |
|a příručky
|7 fd133209
|2 czenas
|
| 655 |
|
9 |
|a handbooks and manuals
|2 eczenas
|
| 700 |
1 |
|
|a Myška, Miroslav,
|d 1946-
|7 ola200206298
|4 aut
|
| 700 |
1 |
|
|a Tůma, Tomáš,
|d 1974-
|7 mzk2003203302
|4 aut
|
| 910 |
2 |
|
|a BOA001
|b 2-1201.962
|
| 990 |
|
|
|a BK
|
| 995 |
|
|
|a 01
|
| 991 |
|
|
|b 200805
|c NOV
|
| 996 |
6 |
|
|b 2610340084
|c 2-1201.962
|l MZK
|r HSS 4p
|n 0
|p p.v.
|h 77 LIN
|w 000892792
|u 000010
|a 0
|e BOA001
|j MZK50
|s P
|
| 996 |
6 |
|
|b 2610340085
|c 2-1201.962
|l MZK
|r Sklad / do 1 hodiny
|n 1
|p p.v.
|w 000892792
|u 000020
|a 1
|e BOA001
|j MZK50
|s P
|